The Britannica guide to India: a comprehensive introduction to the world's fastest growing country (Record no. 36156)

MARC details
000 -LEADER
fixed length control field 00862nam a2200241 a 4500
001 - CONTROL NUMBER
control field 15029651
008 - FIXED-LENGTH DATA ELEMENTS--GENERAL INFORMATION
fixed length control field 161031s2009 ||||||||||||||||| || u
010 ## - LIBRARY OF CONGRESS CONTROL NUMBER
LC control number 2007938547
020 ## - INTERNATIONAL STANDARD BOOK NUMBER
International Standard Book Number 9780762433728
050 ## - LIBRARY OF CONGRESS CALL NUMBER
Classification number DS 407 Ind
100 ## - MAIN ENTRY--PERSONAL NAME
Personal name Misra, Maria
245 14 - TITLE STATEMENT
Title The Britannica guide to India: a comprehensive introduction to the world's fastest growing country
Statement of responsibility, etc. Introduction by Maria Misra.
246 ## - VARYING FORM OF TITLE
Title proper/short title India
246 ## - VARYING FORM OF TITLE
Title proper/short title Encylopaedia Britannica guide to India
250 ## - EDITION STATEMENT
Edition statement 1st ed.
260 ## - PUBLICATION, DISTRIBUTION, ETC.
Place of publication, distribution, etc. Philadelphia
Name of publisher, distributor, etc. Running Press
Date of publication, distribution, etc. 2009
260 ## - PUBLICATION, DISTRIBUTION, ETC.
Place of publication, distribution, etc. Philadelphia
Name of publisher, distributor, etc. Constable and Robinson ltd
Date of publication, distribution, etc. 2009
300 ## - PHYSICAL DESCRIPTION
Extent xviii, 444 p.: ill..
500 ## - GENERAL NOTE
General note Includes index.
650 #0 - SUBJECT ADDED ENTRY--TOPICAL TERM
Topical term or geographic name entry element INDIA
650 ## - SUBJECT ADDED ENTRY--TOPICAL TERM
Topical term or geographic name entry element INDIA--GUIDEBOOKS
995 ## - RECOMMENDATION 995 [LOCAL, UNIMARC FRANCE]
-- CBU-MAIN LIBRARY (Kitwe)
-- 1
-- REFERENCE
-- Oct 31, 2016
-- Reference Collection
Holdings
Withdrawn status Lost status Source of classification or shelving scheme Damaged status Not for loan Home library Current library Shelving location Date acquired Total Checkouts Full call number Barcode Date last seen Price effective from Koha item type
          CBU-MAIN LIBRARY, KITWE. CBU-MAIN LIBRARY, KITWE.   11/30/2022   DS 407 Ind 747148 11/30/2022 11/30/2022 MONOGRAPH